Music Quiz

Random Music Quiz

Wavves- Name that Song Quiz Stats

 Plays Quiz not verified by Sporcle

Support Sporcle.
Go Orange.
Score 0/12 Timer 02:00
0 Plays Today
Lyric Song % Correct
I'm just having fun....I'm just having fun... with youuuuuuuuuPost Acid
85.7%
Partyin' around in my invertible cocoonConvertible Balloon
66.3%
Let the sun burn my eyes, let it burn my backKing of the Beach
63.3%
I hear her voice in the morning showerBaby Say Goodbye
59.2%
My Alien, he's still missingSuper Soaker
57.1%
I would try and understand, that I'm to blame. cuz' I'm so lameGreen Eyes
51%
I won't ever die. I'll go surfing in my mindIdiot
50%
Time Takes its tole. And where would I go? We won't knowBaseball Cards
40.8%
I'm stuck in the sky. I'm never coming down.Linus Spacehead
39.8%
I still hate my music; it's all the sameTake on the World
38.8%
Everything in the back of my brain told me that I would be sickMickey Mouse
28.6%
Sun, we whistle at the breeze! Sun, we're sicker than we seem!When will you come?
24.5%

You're not logged in!

Compare scores with friends on all Sporcle quizzes.
OR
Log In

From the Vault

Movies of 1972

by El_Dandy

It was a long time ago, but many of these still hold up.
Remove Ads.
Support Sporcle.
Get the best of Sporcle when you Go Orange. This ad-free experience offers more features, more stats, and more fun while also helping to support Sporcle. Thank you for becoming a member.

Show Comments

Extras

Created Feb 19, 2011ReportNominate
Tags:beach, indie, sun, Weeds

Top Quizzes Today


Score Distribution

Your Account Isn't Verified!

In order to create a playlist on Sporcle, you need to verify the email address you used during registration. Go to your Sporcle Settings to finish the process.

Report this User

Report this user for behavior that violates our Community Guidelines.

Details: